000 00747cam a2200241 a 4500
001 4489855
005 20180313050911.0
008 970623s1998 ctua b 001 0 eng
010 _a 97027003
020 _a0275960706 (alk. paper)
040 _aDLC
_cDLC
_dDLC
041 _aeng
043 _an-us---
080 _a306.38082 nan
082 0 0 _a306.38082 nan
_221
100 1 _a50
101 _apsi
245 1 0 _aWhen baby boom women retire /
_cNancy Dailey.
504 _aIncludes bibliographical references (p. [129]-143) and index.
906 _a7
_bcbc
_corignew
_d1
_eocip
_f19
_gy-gencatlg
942 _2ddc
_cBK
999 _c44843
_d44843